| 000 | 00482nam a22001697a 4500 | ||
|---|---|---|---|
| 003 | MPLRDC | ||
| 005 | 20220104143023.0 | ||
| 008 | 210129b ||||| |||| 00| 0 eng d | ||
| 082 | _a050.1 DZWZ v.3 2008 | ||
| 100 | _a潘少权总编辑 | ||
| 245 |
_a读者文摘. 三月号2008 _c |
||
| 250 | _aISSN 1017-4265 | ||
| 260 |
_a香港 _b读者文摘远东有限公司 _c2008 |
||
| 300 | _b144 | ||
| 650 | _a连续性出版品; 期刊--读者文摘 | ||
| 942 |
_cBK _o050.1 DZWZ v.3 2008 |
||
| 999 |
_c35853 _d35843 |
||